| 000 | 00459nam a2200169Ia 4500 | ||
|---|---|---|---|
| 005 | 20250923144301.0 | ||
| 008 | 008 250917s9999 xx 000 0 eng d | ||
| 037 | _aTextual | ||
| 040 |
_aDSWL _beng _cDSWL |
||
| 041 |
_aeng _2eng |
||
| 084 |
_aY1, H8 _qDSWL |
||
| 245 | 0 |
_aMajor social instutions _cby Panunzio Constan Time |
|
| 260 |
_aNew York _b Macmillan _c1948 |
||
| 300 | _a609 p. | ||
| 942 |
_cTEXL _hY1, H8 |
||
| 999 |
_c1436998 _d1436998 |
||